<?xml version="1.0" encoding="UTF-8"?>
<record
    xmlns:xsi="http://www.w3.org/2001/XMLSchema-instance"
    xsi:schemaLocation="http://www.loc.gov/MARC21/slim http://www.loc.gov/standards/marcxml/schema/MARC21slim.xsd"
    xmlns="http://www.loc.gov/MARC21/slim">

  <leader>01092nam a2200241 a 4500</leader>
  <controlfield tag="001">37971</controlfield>
  <controlfield tag="003">BD-RjUL</controlfield>
  <controlfield tag="005">20211209052710.0</controlfield>
  <controlfield tag="008">140906r19741980ii ||||| |||| 00| 0 ben d</controlfield>
  <datafield tag="035" ind1=" " ind2=" ">
    <subfield code="a">(BD-RjUL)38076</subfield>
  </datafield>
  <datafield tag="040" ind1=" " ind2=" ">
    <subfield code="a">BD-RjUL</subfield>
    <subfield code="b">ben</subfield>
    <subfield code="c">BD-RjUL</subfield>
  </datafield>
  <datafield tag="041" ind1=" " ind2=" ">
    <subfield code="a">ben</subfield>
  </datafield>
  <datafield tag="082" ind1=" " ind2=" ">
    <subfield code="2">22</subfield>
    <subfield code="a">300.1</subfield>
    <subfield code="b">SES 1980</subfield>
  </datafield>
  <datafield tag="100" ind1=" " ind2=" ">
    <subfield code="a">&#x9B8;&#x9C7;&#x9A8;&#x997;&#x9C1;&#x9AA;&#x9CD;&#x9A4;, &#x9AA;&#x9CD;&#x9B0;&#x9AE;&#x9CB;&#x9A6;&#x9AC;&#x9A8;&#x9CD;&#x9A7;&#x9C1;</subfield>
    <subfield code="9">112235</subfield>
  </datafield>
  <datafield tag="245" ind1=" " ind2=" ">
    <subfield code="a">&#x9B8;&#x9AE;&#x9BE;&#x99C;&#x9A6;&#x9B0;&#x9CD;&#x9B6;&#x9A8; :</subfield>
    <subfield code="b">(Social Philosophy) /</subfield>
    <subfield code="c">&#x9AA;&#x9CD;&#x9B0;&#x9AE;&#x9CB;&#x9A6;&#x9AC;&#x9A8;&#x9CD;&#x9A7;&#x9C1; &#x9B8;&#x9C7;&#x9A8;&#x997;&#x9C1;&#x9AA;&#x9CD;&#x9A4; &#x993; &#x9AE;&#x9A4;&#x9BF;&#x9B2;&#x9BE;&#x9B2; &#x9AE;&#x9C1;&#x996;&#x9CB;&#x9AA;&#x9BE;&#x9A7;&#x9CD;&#x9AF;&#x9BE;&#x9AF;&#x9BC; </subfield>
  </datafield>
  <datafield tag="250" ind1=" " ind2=" ">
    <subfield code="a">&#x9EF;&#x9AE; &#x9B8;&#x982;.</subfield>
  </datafield>
  <datafield tag="260" ind1=" " ind2=" ">
    <subfield code="a">&#x995;&#x9B2;&#x9BF;&#x995;&#x9BE;&#x9A4;&#x9BE; :</subfield>
    <subfield code="b">&#x9AC;&#x9CD;&#x9AF;&#x9BE;&#x9A8;&#x9BE;&#x9B0;&#x9CD;&#x99C;&#x9C0; &#x9AA;&#x9BE;&#x9AC;&#x9B2;&#x9BF;&#x9B6;&#x9BE;&#x9B0;&#x9CD;&#x9B8;,</subfield>
    <subfield code="c">&#x9E7;&#x9EF;&#x9ED;&#x9E8;, &#x9E7;&#x9EF;&#x9ED;&#x9EA; [&#x9AA;&#x9C1;&#x9B0;&#x9CD;&#x9A8;&#x9AE;&#x9C1;&#x9A6;&#x9CD;&#x9B0;&#x9A3; &#x9E7;&#x9EF;&#x9EE;&#x9E6;]</subfield>
  </datafield>
  <datafield tag="300" ind1=" " ind2=" ">
    <subfield code="a">xvi, &#x9EA;&#x9ED;&#x9EE; &#x9AA;&#x9C3;. ;</subfield>
    <subfield code="c">&#x9E7;&#x9EF; &#x9B8;&#x9C7;&#x9AE;&#x9BF;.</subfield>
  </datafield>
  <datafield tag="650" ind1=" " ind2=" ">
    <subfield code="a">&#x9B8;&#x9BE;&#x9AE;&#x9BE;&#x99C;&#x9BF;&#x995; &#x9AC;&#x9BF;&#x99C;&#x9CD;&#x99E;&#x9BE;&#x9A8;</subfield>
    <subfield code="x">&#x9A6;&#x9B0;&#x9CD;&#x9B6;&#x9A8;</subfield>
    <subfield code="9">117615</subfield>
  </datafield>
  <datafield tag="650" ind1=" " ind2=" ">
    <subfield code="a">Social sciences</subfield>
    <subfield code="x">Philosophy.</subfield>
    <subfield code="9">117615</subfield>
  </datafield>
  <datafield tag="700" ind1=" " ind2=" ">
    <subfield code="a">&#x9AE;&#x9C1;&#x996;&#x9CB;&#x9AA;&#x9BE;&#x9A7;&#x9CD;&#x9AF;&#x9BE;&#x9AF;&#x9BC;, &#x9AE;&#x9A4;&#x9BF;&#x9B2;&#x9BE;&#x9B2;</subfield>
    <subfield code="9">247382</subfield>
  </datafield>
  <datafield tag="942" ind1=" " ind2=" ">
    <subfield code="2">ddc</subfield>
    <subfield code="c">BK</subfield>
  </datafield>
  <datafield tag="999" ind1=" " ind2=" ">
    <subfield code="c">37971</subfield>
    <subfield code="d">37971</subfield>
  </datafield>
  <datafield tag="952" ind1=" " ind2=" ">
    <subfield code="0">0</subfield>
    <subfield code="1">0</subfield>
    <subfield code="2">ddc</subfield>
    <subfield code="4">0</subfield>
    <subfield code="7">0</subfield>
    <subfield code="8">NFIC</subfield>
    <subfield code="a">RUCL</subfield>
    <subfield code="b">RUCL</subfield>
    <subfield code="c">Stack</subfield>
    <subfield code="d">2015-08-19</subfield>
    <subfield code="l">0</subfield>
    <subfield code="o">B 300.1 SES 1980</subfield>
    <subfield code="r">2015-08-19 00:00:00</subfield>
    <subfield code="t">C-2</subfield>
    <subfield code="w">2021-12-09</subfield>
    <subfield code="y">BK</subfield>
  </datafield>
  <datafield tag="952" ind1=" " ind2=" ">
    <subfield code="0">0</subfield>
    <subfield code="1">0</subfield>
    <subfield code="2">ddc</subfield>
    <subfield code="4">0</subfield>
    <subfield code="7">0</subfield>
    <subfield code="8">NFIC</subfield>
    <subfield code="a">RUCL</subfield>
    <subfield code="b">RUCL</subfield>
    <subfield code="c">Stack</subfield>
    <subfield code="d">1980-05-29</subfield>
    <subfield code="e">&#x987;&#x9A8;&#x9CD;&#x9A1;&#x9BF;&#x9AF;&#x9BC;&#x9BE; &#x987;&#x9A8;&#x9CD;&#x99F;&#x9BE;&#x9B0;&#x9A8;&#x9CD;&#x9AF;&#x9BE;&#x9B6;&#x9A8;&#x9BE;&#x9B2;, &#x995;&#x9B2;&#x9BF;&#x995;&#x9BE;&#x9A4;&#x9BE;</subfield>
    <subfield code="g">17.00</subfield>
    <subfield code="l">4</subfield>
    <subfield code="o">B 300.1 SES 1980</subfield>
    <subfield code="r">2016-08-29 00:00:00</subfield>
    <subfield code="s">2016-08-13</subfield>
    <subfield code="t">C-3</subfield>
    <subfield code="w">2015-08-27</subfield>
    <subfield code="y">BK</subfield>
  </datafield>
  <datafield tag="952" ind1=" " ind2=" ">
    <subfield code="0">0</subfield>
    <subfield code="1">0</subfield>
    <subfield code="2">ddc</subfield>
    <subfield code="4">0</subfield>
    <subfield code="7">0</subfield>
    <subfield code="8">NFIC</subfield>
    <subfield code="a">RUCL</subfield>
    <subfield code="b">RUCL</subfield>
    <subfield code="c">Stack</subfield>
    <subfield code="d">1976-04-29</subfield>
    <subfield code="e">&#x986;&#x9B2;&#x9C0;&#x997;&#x9A1;&#x9BC; &#x9B2;&#x9BE;&#x987;&#x9AC;&#x9CD;&#x9B0;&#x9C7;&#x9B0;&#x9C0;, &#x9B0;&#x9BE;&#x99C;&#x9B6;&#x9BE;&#x9B9;&#x9C0;</subfield>
    <subfield code="g">30.00</subfield>
    <subfield code="l">1</subfield>
    <subfield code="o">B 300.1 SES 1974</subfield>
    <subfield code="r">2015-11-17 00:00:00</subfield>
    <subfield code="s">2015-11-08</subfield>
    <subfield code="t">C-4</subfield>
    <subfield code="w">2021-12-09</subfield>
    <subfield code="y">BK</subfield>
  </datafield>
  <datafield tag="952" ind1=" " ind2=" ">
    <subfield code="0">0</subfield>
    <subfield code="1">0</subfield>
    <subfield code="2">ddc</subfield>
    <subfield code="4">0</subfield>
    <subfield code="7">0</subfield>
    <subfield code="8">NFIC</subfield>
    <subfield code="a">RUCL</subfield>
    <subfield code="b">RUCL</subfield>
    <subfield code="c">Stack</subfield>
    <subfield code="d">1983-07-28</subfield>
    <subfield code="e">&#x986;&#x9B2;&#x9C0;&#x997;&#x9A1;&#x9BC; &#x9B2;&#x9BE;&#x987;&#x9AC;&#x9CD;&#x9B0;&#x9C7;&#x9B0;&#x9C0;, &#x9B0;&#x9BE;&#x99C;&#x9B6;&#x9BE;&#x9B9;&#x9C0;</subfield>
    <subfield code="g">51.00</subfield>
    <subfield code="l">15</subfield>
    <subfield code="m">2</subfield>
    <subfield code="o">B 300.1 SES 1974</subfield>
    <subfield code="r">2024-03-24 00:00:00</subfield>
    <subfield code="s">2024-03-10</subfield>
    <subfield code="t">C-5</subfield>
    <subfield code="w">2015-10-29</subfield>
    <subfield code="y">BK</subfield>
  </datafield>
  <datafield tag="952" ind1=" " ind2=" ">
    <subfield code="0">0</subfield>
    <subfield code="1">0</subfield>
    <subfield code="2">ddc</subfield>
    <subfield code="4">0</subfield>
    <subfield code="7">1</subfield>
    <subfield code="8">NFIC</subfield>
    <subfield code="a">RUCL</subfield>
    <subfield code="b">RUCL</subfield>
    <subfield code="c">Reading</subfield>
    <subfield code="d">1981-06-30</subfield>
    <subfield code="e">&#x987;&#x989;&#x9B0;&#x9C7;&#x995;&#x9BE; &#x9AC;&#x9C1;&#x995; &#x98F;&#x99C;&#x9C7;&#x9A8;&#x9CD;&#x9B8;&#x9C0;, &#x9B0;&#x9BE;&#x99C;&#x9B6;&#x9BE;&#x9B9;&#x9C0;</subfield>
    <subfield code="g">51.00</subfield>
    <subfield code="l">0</subfield>
    <subfield code="o">B 300.1 SES 1974</subfield>
    <subfield code="r">2015-11-17 00:00:00</subfield>
    <subfield code="t">C-1</subfield>
    <subfield code="w">2021-12-09</subfield>
    <subfield code="y">BK</subfield>
  </datafield>
  <datafield tag="952" ind1=" " ind2=" ">
    <subfield code="0">0</subfield>
    <subfield code="1">0</subfield>
    <subfield code="2">ddc</subfield>
    <subfield code="4">0</subfield>
    <subfield code="7">0</subfield>
    <subfield code="8">NFIC</subfield>
    <subfield code="a">RUCL</subfield>
    <subfield code="b">RUCL</subfield>
    <subfield code="c">Stack</subfield>
    <subfield code="d">1980-05-19</subfield>
    <subfield code="e">&#x987;&#x9A8;&#x9CD;&#x9A1;&#x9BF;&#x9AF;&#x9BC;&#x9BE; &#x987;&#x9A8;&#x9CD;&#x99F;&#x9BE;&#x9B0;&#x9A8;&#x9CD;&#x9AF;&#x9BE;&#x9B6;&#x9A8;&#x9BE;&#x9B2;, &#x995;&#x9B2;&#x9BF;&#x995;&#x9BE;&#x9A4;&#x9BE;</subfield>
    <subfield code="g">17.00</subfield>
    <subfield code="l">3</subfield>
    <subfield code="o">B 300.1 SES 1980</subfield>
    <subfield code="r">2016-10-15 00:00:00</subfield>
    <subfield code="s">2016-09-25</subfield>
    <subfield code="t">C-6</subfield>
    <subfield code="w">2021-12-09</subfield>
    <subfield code="y">BK</subfield>
  </datafield>
  <datafield tag="952" ind1=" " ind2=" ">
    <subfield code="0">0</subfield>
    <subfield code="1">0</subfield>
    <subfield code="2">ddc</subfield>
    <subfield code="4">0</subfield>
    <subfield code="7">0</subfield>
    <subfield code="8">NFIC</subfield>
    <subfield code="a">RUCL</subfield>
    <subfield code="b">RUCL</subfield>
    <subfield code="c">Stack</subfield>
    <subfield code="d">1980-05-29</subfield>
    <subfield code="e">&#x987;&#x9A8;&#x9CD;&#x9A1;&#x9BF;&#x9AF;&#x9BC;&#x9BE; &#x987;&#x9A8;&#x9CD;&#x99F;&#x9BE;&#x9B0;&#x9A8;&#x9CD;&#x9AF;&#x9BE;&#x9B6;&#x9A8;&#x9BE;&#x9B2;, &#x995;&#x9B2;&#x9BF;&#x995;&#x9BE;&#x9A4;&#x9BE;</subfield>
    <subfield code="g">17.00</subfield>
    <subfield code="l">1</subfield>
    <subfield code="o">B 300.1 SES 1974</subfield>
    <subfield code="r">2017-01-05 00:00:00</subfield>
    <subfield code="s">2016-12-26</subfield>
    <subfield code="t">C-7</subfield>
    <subfield code="w">2021-12-09</subfield>
    <subfield code="y">BK</subfield>
  </datafield>
  <datafield tag="952" ind1=" " ind2=" ">
    <subfield code="0">0</subfield>
    <subfield code="1">0</subfield>
    <subfield code="2">ddc</subfield>
    <subfield code="4">0</subfield>
    <subfield code="7">0</subfield>
    <subfield code="8">NFIC</subfield>
    <subfield code="a">RUCL</subfield>
    <subfield code="b">RUCL</subfield>
    <subfield code="c">Stack</subfield>
    <subfield code="d">1976-04-29</subfield>
    <subfield code="e">Aligorh Library, Rajshahi</subfield>
    <subfield code="g">30.00</subfield>
    <subfield code="l">2</subfield>
    <subfield code="o">B 300.1 SES 1980</subfield>
    <subfield code="r">2019-03-06 00:00:00</subfield>
    <subfield code="s">2019-02-26</subfield>
    <subfield code="t">C-8</subfield>
    <subfield code="w">2016-08-08</subfield>
    <subfield code="y">BK</subfield>
  </datafield>
  <datafield tag="952" ind1=" " ind2=" ">
    <subfield code="0">0</subfield>
    <subfield code="1">0</subfield>
    <subfield code="2">ddc</subfield>
    <subfield code="4">0</subfield>
    <subfield code="7">0</subfield>
    <subfield code="8">NFIC</subfield>
    <subfield code="a">RUCL</subfield>
    <subfield code="b">RUCL</subfield>
    <subfield code="c">Stack</subfield>
    <subfield code="d">1975-04-19</subfield>
    <subfield code="e">Alighar Library</subfield>
    <subfield code="g">30.00</subfield>
    <subfield code="l">0</subfield>
    <subfield code="o">B 300.1 SES 1972</subfield>
    <subfield code="r">2021-09-05 00:00:00</subfield>
    <subfield code="t">C-9</subfield>
    <subfield code="w">2021-09-05</subfield>
    <subfield code="y">BK</subfield>
  </datafield>
  <datafield tag="952" ind1=" " ind2=" ">
    <subfield code="0">0</subfield>
    <subfield code="1">0</subfield>
    <subfield code="2">ddc</subfield>
    <subfield code="4">0</subfield>
    <subfield code="7">0</subfield>
    <subfield code="8">NFIC</subfield>
    <subfield code="a">RUCL</subfield>
    <subfield code="b">RUCL</subfield>
    <subfield code="c">Stack</subfield>
    <subfield code="d">1982-08-16</subfield>
    <subfield code="e">Alighar Library</subfield>
    <subfield code="l">0</subfield>
    <subfield code="o">B 300.1 SES 1980</subfield>
    <subfield code="r">2021-10-19 00:00:00</subfield>
    <subfield code="t">C-10</subfield>
    <subfield code="w">2021-10-19</subfield>
    <subfield code="y">BK</subfield>
  </datafield>
  <datafield tag="952" ind1=" " ind2=" ">
    <subfield code="0">0</subfield>
    <subfield code="1">0</subfield>
    <subfield code="2">ddc</subfield>
    <subfield code="4">0</subfield>
    <subfield code="7">0</subfield>
    <subfield code="8">NFIC</subfield>
    <subfield code="a">RUCL</subfield>
    <subfield code="b">RUCL</subfield>
    <subfield code="c">GEN</subfield>
    <subfield code="d">1983-07-28</subfield>
    <subfield code="e">Alighar Library</subfield>
    <subfield code="l">1</subfield>
    <subfield code="o">B 300.1 SES 1980</subfield>
    <subfield code="r">2025-03-13 00:00:00</subfield>
    <subfield code="s">2025-02-27</subfield>
    <subfield code="t">C-11</subfield>
    <subfield code="w">2024-12-02</subfield>
    <subfield code="y">BK</subfield>
  </datafield>
</record>
